Indice general alfabetico, de las cosas, notables, que contienen todas las obras del muy ilustre señor D. FR. Benito Geronimo Feijoó (Record no. 8362)
[ view plain ]
| 000 -CABECERA | |
|---|---|
| campo de control de longitud fija | 01034nam a2200217 a 4500 |
| 001 - NÚMERO DE CONTROL | |
| campo de control | BRCA_8710 |
| 005 - FECHA Y HORA DE LA ÚLTIMA TRANSACCIÓN | |
| campo de control | 20190320210357.0 |
| 008 - DATOS DE LONGITUD FIJA--INFORMACIÓN GENERAL | |
| campo de control de longitud fija | 010217s1774----sp-#######---#000-0#spa-# |
| 041 ## - CÓDIGO DE LENGUA | |
| Código de lengua del texto/banda sonora o título independiente | spa |
| 044 ## - CÓDIGO DEL PAÍS DE LA ENTIDAD EDITORA/PRODUCTORA | |
| Código MARC del país | sp |
| 084 ## - OTRO NÚMERO DE CLASIFICACIÓN | |
| Número de clasificación | BE51 |
| Número de documento/Ítem | .I53 1774 |
| 100 1# - ENTRADA PRINCIPAL--NOMBRE DE PERSONA | |
| Nombre de persona | N/A |
| 9 (RLIN) | 21678 |
| 245 10 - MENCIÓN DE TÍTULO | |
| Título | Indice general alfabetico, de las cosas, notables, que contienen todas las obras del muy ilustre señor D. FR. Benito Geronimo Feijoó |
| Resto del título | Inclusas las Dedicatorias, Aprobaciones y Prólogos, y también los dos tomos de la Demostración Critico Apologética, que en defensa del Teatro Critico escribió el Rmo. P. M. D. Fr. Martin Sarmiento. |
| Mención de responsabilidad, etc. | Dispuesto por Don Joseph Santos, Vecino de esta corte |
| 260 ## - PUBLICACIÓN, DISTRIBUCIÓN, ETC. | |
| Lugar de publicación, distribución, etc. | Madrid |
| Nombre del editor, distribuidor, etc. | Por Don Antonio de Sancha |
| Fecha de publicación, distribución, etc. | 1774 |
| 300 ## - DESCRIPCIÓN FÍSICA | |
| Extensión | [16], 148 p. (t.1) |
| Dimensiones | 21.3 x 15 cm. |
| 500 ## - NOTA GENERAL | |
| Nota general | Estado físico: se presenta con cantos decorados y algunas hojas manchadas |
| 650 14 - PUNTO DE ACCESO ADICIONAL DE MATERIA--TÉRMINO DE MATERIA | |
| Término de materia o nombre geográfico como elemento de entrada | Crítica e interpretación |
| Subdivisión cronológica | Obras anteriores a 1800 |
| 9 (RLIN) | 21701 |
| 700 1# - PUNTO DE ACCESO ADICIONAL--NOMBRE DE PERSONA | |
| Nombre de persona | D. Fr. Benito Geronimo Feijoó |
| 9 (RLIN) | 21702 |
| 902 ## - CATALOGADOR | |
| Iniciales | CFM |
| 942 ## - ELEMENTOS DE PUNTO DE ACCESO ADICIONAL (KOHA) | |
| Fuente del sistema de clasificación o colocación | Library of Congress Classification |
| Tipo de ítem Koha | Libros |
| Estado de retiro | Estado de pérdida | Fuente del sistema de clasificación o colocación | Estado dañado | No para préstamo | Código de colección | Localización permanente | Ubicación/localización actual | Fecha de adquisición | Fuente de adquisición | Total de préstamos | Signatura topográfica completa | Código de barras | Fecha visto por última vez | Precio válido a partir de | Tipo de ítem Koha |
|---|---|---|---|---|---|---|---|---|---|---|---|---|---|---|---|
| El ejemplar forma parte de la colección y puede ser consultado según las políticas vigentes. | Library of Congress Classification | Conventual Franz Mayer | Biblioteca del Museo Franz Mayer (Rogerio Casas-Alatriste) | Biblioteca del Museo Franz Mayer (Rogerio Casas-Alatriste) | 01/02/2017 | Donación | BE51 .I53 1774 | CFM00047 | 22/03/2019 | 22/03/2019 | Libros |